00675nam a22001937a 4500003000400000020001500004082001800019245004200037260004500079300001000124440004400134546001200178650003500190650003600225700001600261942001200277999001900289952017300308OSt a0521206456 a589.7bNUT/SY aSymbiotic nitrogen fixation in plants aLondonbCambridge university pressc1976 a584p. aInternational Biological ProgrammevV.7 aEnglish aGenetical aspects and taxonomy aQuality of legume in inoculants aNutman, P S 2ddccBK c162564d162564 00102ddc40708GenaKAUCLVbKAUCLVcGENERALd2018-11-13l0o589.7 NUT/SYp906407r2018-11-13 00:00:00w2018-11-13yBKzBook transferred from CoH Library, Acc.No: 5356